|
|
|
|
| LEADER |
00000cam a2200000 7i4500 |
| 001 |
0000002341 |
| 002 |
000002548 |
| 005 |
20000330.0 |
| 020 |
|
|
|a 0071007873
|
| 090 |
0 |
0 |
|a 370.1523
|b KLE
|
| 100 |
1 |
|
|a Klein, Stephen B
|
| 245 |
1 |
0 |
|a Learning :
|b principles and application
|c Stephen B.Klein
|
| 250 |
|
|
|a 2nd ed
|
| 260 |
|
|
|a New York :
|b McGraw-Hill ,
|c 1991
|
| 300 |
|
|
|a 594 p. ;
|c 23 cm.
|
| 650 |
0 |
0 |
|a Learning
|
| 999 |
|
|
|a 035799
|b BUKU
|c PINJAMAN
|e PERPUSTAKAAN KOMUNITI PETALING JAYA
|
| 999 |
|
|
|a 035800
|b BUKU
|c PINJAMAN
|e PERPUSTAKAAN KOMUNITI PETALING JAYA
|
| 999 |
|
|
|a 3035799
|b BUKU
|c RUJUKAN
|e PERPUSTAKAAN KOMUNITI PETALING JAYA
|